Tilastot visalle Etelä-Amerikan valtiot

Klikkaa tästä pelataksesi tätä visaa!

Yleistilastot

  • Tätä visaa on pelattu 7 431 kertaa
  • Keskiarvotulos 10 / 12

Vastaukset kartalla

Vastauksille on annettu kartalla punavihreä väri sen mukaan, kuinka moni on saanut sen oikein.
Ladataan ...
 

Vastaustilastot

Valtio% Oikein
Brasilia
99%
Chile
97%
Argentiina
96%
Peru
92%
Kolumbia
87%
Uruguay
87%
Venezuela
86%
Paraguay
85%
Bolivia
83%
Ecuador
77%
Guyana
67%
Suriname
63%

Tulosjakauma

Persentiili vastausten määrän mukaan

Jokaisen tuloksen saaneiden osuus

Tuloshistoriasi

Et ole pelannut tätä visaa